[Event "Montreal Mercredi 01"]
[Site "Montreal CAN"]
[Date "2012.01.25"]
[Round "3"]
[White "Dominique, Vladimir"]
[Black "Rondon, Luciano"]
[Result "1-0"]
[WhiteElo "1732"]
[BlackElo "1848"]
[PlyCount "41"]
[GameId "2160767909572827"]
[EventDate "2012.01.11"]
[EventType "swiss"]
[EventRounds "5"]
[EventCountry "CAN"]
[SourceTitle "EXT 2022"]
[Source "ChessBase"]
[SourceDate "2021.10.06"]
[SourceVersion "1"]
[SourceVersionDate "2021.10.06"]
[SourceQuality "1"]

1. e4 c5 2. Nf3 d6 3. d4 cxd4 4. Qxd4 Nc6 5. Bb5 Bd7 6. Qd3 g6 7. O-O Bg7 8. Nc3 Nf6 9. h3 O-O 10. Bf4 Rc8 11. a3 a6 12. Bxc6 Bxc6 13. Rad1 b5 14. Qe3 Qa5 15. Bh6 b4 16. Bxg7 Kxg7 17. Nd5 Bxd5 18. exd5 bxa3 19. Qxe7 axb2 20. Ng5 Qc7 21. Ne6+ 1-0

[Event "Montreal Mercredi 01"]
[Site "Montreal CAN"]
[Date "2012.01.25"]
[Round "3"]
[White "Falardeau, Bruno"]
[Black "Levkovsky, Alexandre"]
[Result "1-0"]
[WhiteElo "1984"]
[BlackElo "2303"]
[PlyCount "121"]
[GameId "2160767909572828"]
[EventDate "2012.01.11"]
[EventType "swiss"]
[EventRounds "5"]
[EventCountry "CAN"]
[SourceTitle "EXT 2022"]
[Source "ChessBase"]
[SourceDate "2021.10.06"]
[SourceVersion "1"]
[SourceVersionDate "2021.10.06"]
[SourceQuality "1"]

1. d4 Nf6 2. Nf3 e6 3. Bg5 d5 4. e3 c5 5. c3 Qb6 6. Qb3 Ne4 7. Nbd2 Nxg5 8. Nxg5 Nc6 9. Bd3 Qd8 10. f4 c4 11. Nxc4 dxc4 12. Qxc4 Be7 13. h4 h6 14. Nf3 Bd7 15. Qb3 Qb6 16. Qc2 Rc8 17. Qf2 f5 18. h5 Bf6 19. O-O Ne7 20. e4 g6 21. hxg6 Nxg6 22. Ne5 Bxe5 23. fxe5 f4 24. Be2 O-O 25. Bh5 Kh7 26. Bxg6+ Kxg6 27. Qd2 f3 28. gxf3 Kh7 29. Kf2 Rg8 30. Rh1 Rg6 31. Rh2 Qd8 32. Rah1 Qf8 33. b4 b5 34. d5 Qg7 35. Qe3 Rf8 36. Ke2 exd5 37. exd5 Bf5 38. e6 Rg2+ 39. Kd1 Rxh2 40. Rxh2 Rd8 41. Rd2 Qe7 42. Qe5 Qg5 43. Qc7+ Kh8 44. Qxa7 Bxe6 45. Qd4+ Kg8 46. d6 Kf7 47. f4 Qf5 48. Kc1 Qf6 49. Qa7+ Rd7 50. Qc5 Bc4 51. Kb2 Qg6 52. a4 Be6 53. a5 Qe4 54. a6 Qe1 55. Qh5+ Kf8 56. Qxh6+ Ke8 57. Qh5+ Kf8 58. Re2 Qd1 59. Qh6+ Kf7 60. Qxe6+ Kf8 61. Qe8+ 1-0

[Event "Montreal Mercredi 01"]
[Site "Montreal CAN"]
[Date "2012.01.25"]
[Round "3"]
[White "Gauthier, Luc"]
[Black "Cote, Philippe"]
[Result "1-0"]
[WhiteElo "1708"]
[BlackElo "1687"]
[PlyCount "113"]
[GameId "2160767909572829"]
[EventDate "2012.01.11"]
[EventType "swiss"]
[EventRounds "5"]
[EventCountry "CAN"]
[SourceTitle "EXT 2022"]
[Source "ChessBase"]
[SourceDate "2021.10.06"]
[SourceVersion "1"]
[SourceVersionDate "2021.10.06"]
[SourceQuality "1"]

1. e4 d6 2. d4 Nf6 3. Nc3 g6 4. Be3 c6 5. Qd2 b5 6. f3 Nbd7 7. h4 h5 8. Nh3 Nb6 9. Nf2 Bg7 10. a3 Nc4 11. Bxc4 bxc4 12. d5 c5 13. Ne2 Rb8 14. c3 Qb6 15. Rb1 e6 16. dxe6 Bxe6 17. Bf4 Rd8 18. Bg5 Rd7 19. Nf4 O-O 20. Nxe6 fxe6 21. Bh6 Kh7 22. Bxg7 Kxg7 23. Nh3 d5 24. e5 Nh7 25. Nf4 Rdf7 26. Ne2 Rf5 27. f4 Qc6 28. Rg1 Qe8 29. g4 hxg4 30. Rxg4 Qf7 31. Ng3 Kh8 32. Nxf5 Qxf5 33. Qd1 Qe4+ 34. Kd2 Rxf4 35. Rxf4 Qxf4+ 36. Kc2 Qe4+ 37. Kc1 Qxe5 38. Qd2 Kg7 39. b4 cxb4 40. Rxb4 Qc7 41. Qd4+ Nf6 42. Rb5 e5 43. Qc5 Qxc5 44. Rxc5 Kh6 45. Ra5 Kh5 46. Rxa7 Kxh4 47. a4 g5 48. Rf7 Ne4 49. Rh7+ Kg3 50. Kc2 g4 51. a5 Nc5 52. Rc7 Na6 53. Rc6 Nb8 54. Rb6 Nd7 55. Rd6 e4 56. Rxd5 Nb8 57. Kd2 1-0

[Event "Montreal Mercredi 01"]
[Site "Montreal CAN"]
[Date "2012.01.25"]
[Round "3"]
[White "Lizotte, Michel"]
[Black "Bergeron, Jean-Guy"]
[Result "0-1"]
[WhiteElo "1536"]
[BlackElo "1530"]
[PlyCount "48"]
[GameId "2160767909572830"]
[EventDate "2012.01.11"]
[EventType "swiss"]
[EventRounds "5"]
[EventCountry "CAN"]
[SourceTitle "EXT 2022"]
[Source "ChessBase"]
[SourceDate "2021.10.06"]
[SourceVersion "1"]
[SourceVersionDate "2021.10.06"]
[SourceQuality "1"]

1. e4 Nc6 2. Nf3 d5 3. exd5 Qxd5 4. Nc3 Qh5 5. d4 Bg4 6. Be2 O-O-O 7. Be3 e5 8. Ne4 exd4 9. Ng3 Qa5+ 10. Bd2 Bb4 11. Ne4 Bxd2+ 12. Nexd2 Nf6 13. O-O Qh5 14. h3 Bxh3 15. gxh3 g5 16. Nh2 Qxh3 17. Ng4 Nh5 18. Nh6 f5 19. Bxh5 g4 20. Nf7 Rhg8 21. Nxd8 g3 22. Nf3 gxf2+ 23. Kxf2 Rg2+ 24. Ke1 Qg3+ 0-1

[Event "Montreal Mercredi 01"]
[Site "Montreal CAN"]
[Date "2012.01.25"]
[Round "3"]
[White "Sonn, Eric"]
[Black "Le Bas, Nicolas"]
[Result "1-0"]
[WhiteElo "1554"]
[BlackElo "1596"]
[PlyCount "39"]
[GameId "2160767909572831"]
[EventDate "2012.01.11"]
[EventType "swiss"]
[EventRounds "5"]
[EventCountry "CAN"]
[SourceTitle "EXT 2022"]
[Source "ChessBase"]
[SourceDate "2021.10.06"]
[SourceVersion "1"]
[SourceVersionDate "2021.10.06"]
[SourceQuality "1"]

1. Nf3 Nf6 2. d4 g6 3. c4 Bg7 4. Nc3 O-O 5. g3 c5 6. Bg2 cxd4 7. Nxd4 a6 8. O-O Nc6 9. Be3 Qc7 10. Nd5 Qd8 11. Nc2 Nxd5 12. cxd5 Ne5 13. d6 exd6 14. b3 Nc6 15. Rc1 Qe7 16. Bb6 Re8 17. Ne3 Qg5 18. Nd5 Bd4 19. Bxd4 Nxd4 20. Qxd4 1-0

[Event "Montreal Mercredi 01"]
[Site "Montreal CAN"]
[Date "2012.01.30"]
[Round "3"]
[White "Ramaswamy, Kiran"]
[Black "Morin, Louis"]
[Result "0-1"]
[WhiteElo "1947"]
[BlackElo "1841"]
[PlyCount "102"]
[GameId "2160767909572832"]
[EventDate "2012.01.11"]
[EventType "swiss"]
[EventRounds "5"]
[EventCountry "CAN"]
[SourceTitle "EXT 2022"]
[Source "ChessBase"]
[SourceDate "2021.10.06"]
[SourceVersion "1"]
[SourceVersionDate "2021.10.06"]
[SourceQuality "1"]

1. c4 d5 2. cxd5 c6 3. dxc6 Nxc6 4. Nf3 e5 5. Nc3 Nf6 6. d3 Bc5 7. g3 e4 8. Nxe4 Nxe4 9. dxe4 Bxf2+ 10. Kxf2 Qxd1 11. Bg2 Qd8 12. Bg5 f6 13. Rhd1 Qxd1 14. Rxd1 fxg5 15. Nxg5 O-O+ 16. Ke1 h6 17. Nf3 Be6 18. a3 Rad8 19. Rc1 g5 20. Rc5 Kg7 21. b4 a6 22. Nd2 Rxd2 23. Kxd2 Rf2 24. Bh1 Rxh2 25. Rc1 Bg4 26. e5 Rxe2+ 27. Kd3 Nxe5+ 28. Kd4 Nf3+ 29. Kd3 Re1 30. Bxf3 Rxc1 31. Bxg4 Kf6 32. Bf3 Ke5 33. Bxb7 Ra1 34. g4 Rxa3+ 35. Kc4 a5 36. b5 Ra4+ 37. Kc5 Rxg4 38. b6 Rb4 39. Bc6 Rb2 40. b7 Rxb7 41. Bxb7 g4 42. Kc4 Kf4 43. Kd3 a4 44. Ke2 a3 45. Bd5 h5 46. Kf2 h4 47. Kg2 Ke5 48. Bf7 Kd4 49. Kf2 Kc3 50. Ke3 Kb2 51. Kf4 g3 0-1

[Event "Montreal Mercredi 01"]
[Site "Montreal CAN"]
[Date "2012.02.01"]
[Round "4"]
[White "Chenard, Yanick"]
[Black "Sonn, Eric"]
[Result "0-1"]
[WhiteElo "1561"]
[BlackElo "1554"]
[PlyCount "126"]
[GameId "2160767909572833"]
[EventDate "2012.01.11"]
[EventType "swiss"]
[EventRounds "5"]
[EventCountry "CAN"]
[SourceTitle "EXT 2022"]
[Source "ChessBase"]
[SourceDate "2021.10.06"]
[SourceVersion "1"]
[SourceVersionDate "2021.10.06"]
[SourceQuality "1"]

1. e4 c5 2. Nc3 Nc6 3. f4 e6 4. Nf3 a6 5. a4 Nge7 6. g3 Rb8 7. Bg2 Nd4 8. O-O Nec6 9. d3 d6 10. Ne1 g6 11. Ne2 Bg7 12. c3 Nxe2+ 13. Qxe2 O-O 14. Nf3 e5 15. Ng5 exf4 16. Bxf4 f6 17. Nf3 Be6 18. Nd2 Qd7 19. Rf2 Rbe8 20. Nc4 d5 21. Nd2 Bf5 22. Re1 dxe4 23. Nxe4 Bg4 24. Qd2 b6 25. Qc2 f5 26. Qb3+ Kh8 27. h3 Bh5 28. g4 fxg4 29. hxg4 Qxg4 30. Qxb6 Rxf4 31. Rxf4 Qxf4 32. Qxc6 Rf8 33. Qxc5 Be5 34. Ng3 Bd6 35. Qe3 Qxg3 36. Qd4+ Kg8 37. Qd5+ Kg7 38. Qd4+ Kh6 39. Qe3+ Bf4 40. Qxg3 Bxg3 41. Re6 a5 42. Ra6 Rf5 43. Be4 Rg5 44. Kf1 Bd1 45. Bc6 Bb3 46. Ke2 Bf4 47. Kf3 Bc1 48. Rb6 Bd5+ 49. Bxd5 Rxd5 50. Ke4 Rf5 51. b4 axb4 52. cxb4 Bf4 53. a5 Bc7 54. Ra6 Rb5 55. Rc6 Rxb4+ 56. Rc4 Rxc4+ 57. dxc4 Bxa5 58. c5 Kg5 59. Kd5 Kf4 60. c6 Bc7 61. Ke6 g5 62. Kd7 Be5 63. c7 Bxc7 0-1

[Event "Montreal Mercredi 01"]
[Site "Montreal CAN"]
[Date "2012.02.01"]
[Round "4"]
[White "Chiku-Ratte, Olivier-Kenta"]
[Black "Falardeau, Bruno"]
[Result "1-0"]
[WhiteElo "2145"]
[BlackElo "1984"]
[PlyCount "65"]
[GameId "2160767909572834"]
[EventDate "2012.01.11"]
[EventType "swiss"]
[EventRounds "5"]
[EventCountry "CAN"]
[SourceTitle "EXT 2022"]
[Source "ChessBase"]
[SourceDate "2021.10.06"]
[SourceVersion "1"]
[SourceVersionDate "2021.10.06"]
[SourceQuality "1"]

1. d4 d5 2. c4 Nc6 3. cxd5 Qxd5 4. e3 e5 5. Nc3 Bb4 6. Bd2 Bxc3 7. bxc3 exd4 8. cxd4 Nf6 9. Nf3 O-O 10. Be2 a5 11. O-O Ne4 12. Ne1 f5 13. Nd3 b6 14. Nf4 Qd6 15. Rc1 Bb7 16. f3 Nf6 17. Bc4+ Kh8 18. Qe1 Rae8 19. Qh4 Ng8 20. Nh3 Nh6 21. Qf4 Rf6 22. Bb5 Re7 23. Bc3 Qxf4 24. exf4 Rd6 25. Rfe1 Ng8 26. Ng5 Rdd7 27. d5 Rxd5 28. Bc4 Rdd7 29. Rxe7 Rxe7 30. Nf7+ Rxf7 31. Bxf7 Nd8 32. Bb3 Bc8 33. Re1 1-0

[Event "Montreal Mercredi 01"]
[Site "Montreal CAN"]
[Date "2012.02.01"]
[Round "4"]
[White "Dominique, Vladimir"]
[Black "Baran, Marius"]
[Result "1-0"]
[WhiteElo "1732"]
[BlackElo "1718"]
[PlyCount "71"]
[GameId "2160767909572835"]
[EventDate "2012.01.11"]
[EventType "swiss"]
[EventRounds "5"]
[EventCountry "CAN"]
[SourceTitle "EXT 2022"]
[Source "ChessBase"]
[SourceDate "2021.10.06"]
[SourceVersion "1"]
[SourceVersionDate "2021.10.06"]
[SourceQuality "1"]

1. e4 c5 2. Nf3 d6 3. d4 cxd4 4. Nxd4 Nf6 5. Nc3 g6 6. Bc4 Bg7 7. Be3 O-O 8. f3 Nc6 9. Qd2 Nd7 10. O-O-O Nxd4 11. Bxd4 Bxd4 12. Qxd4 Ne5 13. Bb3 Nc6 14. Qe3 Qa5 15. Rd5 Qd8 16. Qh6 Be6 17. h4 f5 18. h5 Qe8 19. exf5 gxf5 20. Qxe6+ Kh8 21. Rxf5 Rxf5 22. Qxf5 Nd4 23. Qd5 Nxb3+ 24. axb3 Qf8 25. Qd4+ e5 26. Qe3 h6 27. Rh4 Qf6 28. Rg4 Rg8 29. Ne4 Qf8 30. Rxg8+ Kxg8 31. Qxa7 d5 32. Nd2 Qf4 33. Qb8+ Kf7 34. Qxb7+ Kf8 35. Qxd5 Qe3 36. c4 1-0

[Event "Montreal Mercredi 01"]
[Site "Montreal CAN"]
[Date "2012.02.01"]
[Round "4"]
[White "Gauthier, Denis"]
[Black "Cardin, Guillaume"]
[Result "0-1"]
[WhiteElo "1962"]
[BlackElo "1917"]
[PlyCount "86"]
[GameId "2160767909572836"]
[EventDate "2012.01.11"]
[EventType "swiss"]
[EventRounds "5"]
[EventCountry "CAN"]
[SourceTitle "EXT 2022"]
[Source "ChessBase"]
[SourceDate "2021.10.06"]
[SourceVersion "1"]
[SourceVersionDate "2021.10.06"]
[SourceQuality "1"]

1. d4 Nf6 2. c4 e6 3. Nf3 Bb4+ 4. Nbd2 b6 5. a3 Bxd2+ 6. Bxd2 h6 7. Bf4 Bb7 8. e3 d6 9. h3 Nbd7 10. Be2 Qe7 11. O-O O-O 12. b4 e5 13. Bh2 Ne4 14. Qc2 Ng5 15. d5 f5 16. Nxg5 Qxg5 17. f4 exf4 18. exf4 Qf6 19. Bf3 a5 20. Rad1 axb4 21. axb4 Rfe8 22. Rfe1 Rxe1+ 23. Rxe1 Ra1 24. Rxa1 Qxa1+ 25. Kf2 Qd4+ 26. Kg3 Nf6 27. h4 Ne4+ 28. Bxe4 fxe4 29. Qa4 Qxc4 30. Qe8+ Kh7 31. h5 Bxd5 32. f5 Bf7 33. Qe7 Bxh5 34. f6 Qf7 35. Qxe4+ Bg6 36. Qc6 gxf6 37. Kh4 Qe7 38. Bf4 Be4 39. Qc1 f5+ 40. Kh3 Qg7 41. Qd2 Qg4+ 42. Kh2 h5 43. g3 Qf3 0-1

[Event "Montreal Mercredi 01"]
[Site "Montreal CAN"]
[Date "2012.02.01"]
[Round "4"]
[White "Levkovsky, Alexandre"]
[Black "Cockburn, Denton"]
[Result "1/2-1/2"]
[WhiteElo "2303"]
[BlackElo "2256"]
[PlyCount "84"]
[GameId "2160767909572837"]
[EventDate "2012.01.11"]
[EventType "swiss"]
[EventRounds "5"]
[EventCountry "CAN"]
[SourceTitle "EXT 2022"]
[Source "ChessBase"]
[SourceDate "2021.10.06"]
[SourceVersion "1"]
[SourceVersionDate "2021.10.06"]
[SourceQuality "1"]

1. e4 c5 2. Nf3 d6 3. d4 cxd4 4. Nxd4 Nf6 5. Nc3 a6 6. Be2 e6 7. O-O Be7 8. Be3 O-O 9. a4 Qc7 10. f4 Nc6 11. Nb3 b6 12. Bf3 Bb7 13. Qe2 Nb4 14. Qf2 Nd7 15. Rad1 Nc5 16. Nd4 Bf6 17. g4 g6 18. f5 exf5 19. exf5 Bxf3 20. Qxf3 Qb7 21. Qxb7 Nxb7 22. fxg6 fxg6 23. Ne6 Rf7 24. Bxb6 Nxc2 25. Ne4 Be5 26. Rxf7 Kxf7 27. N4g5+ Kg8 28. Nf3 Bf6 29. g5 Bh8 30. Rc1 Nb4 31. Rc7 Nc5 32. Nxc5 dxc5 33. Bxc5 Nd3 34. b4 Bc3 35. Be7 Bxb4 36. Bf6 Bf8 37. Ne5 Nxe5 38. Bxe5 Re8 39. Bc3 Re4 40. a5 Rg4+ 41. Kf2 Rxg5 42. Rc6 Rc5 1/2-1/2

[Event "Montreal Mercredi 01"]
[Site "Montreal CAN"]
[Date "2012.02.01"]
[Round "4"]
[White "Luo, Zhao Yang"]
[Black "Valle-Romo, Ricardo"]
[Result "0-1"]
[WhiteElo "2055"]
[BlackElo "2021"]
[PlyCount "77"]
[GameId "2160767909572838"]
[EventDate "2012.01.11"]
[EventType "swiss"]
[EventRounds "5"]
[EventCountry "CAN"]

1. d4 b5 2. e4 Bb7 3. Bxb5 Bxe4 4. Nf3 Nf6 5. c4 e6 6. Nc3 Bb4 7. Bd2 Bxc3 8. Bxc3 O-O 9. O-O d6 10. Re1 c6 11. Ba4 Bg6 12. Qb3 Qc7 13. c5 dxc5 14. dxc5 Nbd7 15. Qc4 Nd5 16. Be5 Qb7 17. Qd4 f6 18. Bd6 Rfe8 19. Bb3 a5 20. Nh4 Bf7 21. Rac1 Qb4 22. Qxb4 axb4 23. Bxd5 exd5 24. Nf5 Ne5 25. Ra1 Ra6 26. Ne7+ Kh8 27. Bxe5 fxe5 28. Rxe5 d4 29. a3 Rd8 30. Ree1 d3 31. Rad1 bxa3 32. bxa3 g6 33. Re3 Bc4 34. Re4 Bb5 35. Re6 Kg7 36. a4 Bxa4 37. Rd2 Bb5 38. f4 Kf7 39. f5 0-1

[Event "Montreal Mercredi 01"]
[Site "Montreal CAN"]
[Date "2012.02.01"]
[Round "4"]
[White "Morin, Louis"]
[Black "Lacroix, Serge"]
[Result "1/2-1/2"]
[WhiteElo "1841"]
[BlackElo "1899"]
[PlyCount "93"]
[GameId "2160767909572839"]
[EventDate "2012.01.11"]
[EventType "swiss"]
[EventRounds "5"]
[EventCountry "CAN"]
[SourceTitle "EXT 2022"]
[Source "ChessBase"]
[SourceDate "2021.10.06"]
[SourceVersion "1"]
[SourceVersionDate "2021.10.06"]
[SourceQuality "1"]

1. e4 c5 2. d4 cxd4 3. c3 d3 4. Bxd3 Nc6 5. Nf3 d5 6. O-O dxe4 7. Bxe4 Qxd1 8. Rxd1 Nf6 9. Bc2 Bg4 10. Nbd2 e6 11. h3 Bh5 12. Ne4 Be7 13. Nd6+ Bxd6 14. Rxd6 Ke7 15. Rd1 Bxf3 16. gxf3 Rad8 17. Be3 Rxd1+ 18. Rxd1 b6 19. f4 Rd8 20. Rxd8 Nxd8 21. f5 Nd5 22. fxe6 Nxe3 23. fxe3 Nxe6 24. Kf2 g6 25. Kf3 f5 26. e4 f4 27. e5 Kf7 28. Bb3 g5 29. Kg4 Ke7 30. Kf5 Nc5 31. Bd5 h6 32. Kg6 Nd3 33. Kxh6 Nxe5 34. Kxg5 f3 35. Kf4 f2 36. Bg2 Nd3+ 37. Ke3 Nxb2 38. Bf1 Na4 39. Kxf2 Nxc3 40. Bc4 b5 41. Bb3 a5 42. Ke3 a4 43. Kd4 Nxa2 44. Bxa2 b4 45. Kc4 b3 46. Bxb3 axb3 47. Kxb3 1/2-1/2

[Event "Montreal Mercredi 01"]
[Site "Montreal CAN"]
[Date "2012.02.01"]
[Round "4"]
[White "Munshi, Shawkat"]
[Black "Bergeron, Jean-Guy"]
[Result "1/2-1/2"]
[WhiteElo "1521"]
[BlackElo "1530"]
[PlyCount "65"]
[GameId "2160767909572840"]
[EventDate "2012.01.11"]
[EventType "swiss"]
[EventRounds "5"]
[EventCountry "CAN"]
[SourceTitle "EXT 2022"]
[Source "ChessBase"]
[SourceDate "2021.10.06"]
[SourceVersion "1"]
[SourceVersionDate "2021.10.06"]
[SourceQuality "1"]

1. Nf3 Nc6 2. d4 f5 3. c4 d6 4. Bf4 g6 5. Nc3 Bg7 6. e3 e5 7. dxe5 dxe5 8. Qxd8+ Kxd8 9. Bg5+ Nf6 10. Nd5 Rf8 11. O-O-O Bd7 12. Be2 h6 13. Nxf6 Bxf6 14. Bxh6 Re8 15. Bg5 Re6 16. Rd2 Ke7 17. Rhd1 Be8 18. c5 e4 19. Bxf6+ Kxf6 20. Nd4 Re5 21. Nxc6 Rxc5+ 22. Rc2 Rxc2+ 23. Kxc2 Bxc6 24. h4 Re8 25. g3 Re5 26. Rd4 b5 27. b4 a6 28. a3 Ke7 29. g4 Bd7 30. g5 c5 31. bxc5 Rxc5+ 32. Kb2 Be8 33. a4 1/2-1/2

[Event "Montreal Mercredi 01"]
[Site "Montreal CAN"]
[Date "2012.02.01"]
[Round "4"]
[White "Nardone, Raul"]
[Black "Gauthier, Luc"]
[Result "1/2-1/2"]
[WhiteElo "1831"]
[BlackElo "1708"]
[PlyCount "32"]
[GameId "2160767909572841"]
[EventDate "2012.01.11"]
[EventType "swiss"]
[EventRounds "5"]
[EventCountry "CAN"]
[SourceTitle "EXT 2022"]
[Source "ChessBase"]
[SourceDate "2021.10.06"]
[SourceVersion "1"]
[SourceVersionDate "2021.10.06"]
[SourceQuality "1"]

1. e4 Nf6 2. e5 Nd5 3. Nc3 Nb6 4. d4 d6 5. exd6 cxd6 6. Nf3 g6 7. h3 Bg7 8. Bd3 Nc6 9. Be3 O-O 10. O-O e5 11. dxe5 dxe5 12. Bg5 Bf6 13. Bh6 Bg7 14. Bg5 Bf6 15. Bh6 Bg7 16. Bg5 Bf6 1/2-1/2

[Event "Montreal Mercredi 01"]
[Site "Montreal CAN"]
[Date "2012.02.01"]
[Round "4"]
[White "Ramaswamy, Kiran"]
[Black "Boudreau, Daniel"]
[Result "1-0"]
[WhiteElo "1947"]
[BlackElo "1929"]
[PlyCount "109"]
[GameId "2160767909572842"]
[EventDate "2012.01.11"]
[EventType "swiss"]
[EventRounds "5"]
[EventCountry "CAN"]
[SourceTitle "EXT 2022"]
[Source "ChessBase"]
[SourceDate "2021.10.06"]
[SourceVersion "1"]
[SourceVersionDate "2021.10.06"]
[SourceQuality "1"]

1. c4 b6 2. Nc3 e6 3. Nf3 Bb7 4. g3 Bxf3 5. exf3 c5 6. d4 cxd4 7. Nb5 Nc6 8. Nxd4 Qf6 9. Nc2 Rd8 10. Bg2 Bc5 11. O-O Nge7 12. Rb1 a5 13. a3 d5 14. b4 axb4 15. axb4 dxc4 16. Qe2 Bd6 17. Qxc4 O-O 18. f4 Rc8 19. Qd3 Rfd8 20. Qe3 Bc7 21. Bb2 Qg6 22. Rbc1 Rd3 23. Qe2 Rb3 24. Na1 Rxb2 25. Qxb2 e5 26. b5 Na5 27. fxe5 Qe6 28. Rfe1 Nc4 29. Qe2 Bb8 30. Bh3 Qxh3 31. Rxc4 Re8 32. Qg4 Qxg4 33. Rxg4 Ng6 34. Rge4 Bxe5 35. Nb3 f5 36. R4e2 Re7 37. Rd1 Kf7 38. Nd4 Rd7 39. Red2 f4 40. Nc6 Rxd2 41. Rxd2 fxg3 42. hxg3 Ke6 43. Kg2 Bd6 44. f4 Bc5 45. Kf3 Nf8 46. Ke4 g6 47. g4 Kf6 48. Ne5 Ke7 49. f5 gxf5+ 50. gxf5 h5 51. Rh2 Nh7 52. Kd5 Nf6+ 53. Kc6 Bd4 54. Nc4 Kd8 55. Rd2 1-0

[Event "Montreal Mercredi 01"]
[Site "Montreal CAN"]
[Date "2012.02.02"]
[Round "4"]
[White "Le Bas, Nicolas"]
[Black "Lizotte, Michel"]
[Result "0-1"]
[WhiteElo "1596"]
[BlackElo "1536"]
[PlyCount "41"]
[GameId "2160767909572845"]
[EventDate "2012.01.11"]
[EventType "swiss"]
[EventRounds "5"]
[EventCountry "CAN"]
[SourceTitle "EXT 2022"]
[Source "ChessBase"]
[SourceDate "2021.10.06"]
[SourceVersion "1"]
[SourceVersionDate "2021.10.06"]
[SourceQuality "1"]

1. e4 c5 2. Nf3 e6 3. d4 cxd4 4. Nxd4 Nf6 5. Bg5 Be7 6. Nc3 Nc6 7. Ndb5 d5 8. Bxf6 Bxf6 9. exd5 exd5 10. Nxd5 O-O 11. Nbc3 Re8+ 12. Be2 Nd4 13. Nxf6+ Qxf6 14. O-O Nxe2+ 15. Nxe2 Qxb2 16. Re1 Bg4 17. f3 Bf5 18. c3 Rad8 19. Qc1 Rxe2 20. Qg5 Qb6+ 21. Kh1 0-1

[Event "Montreal Mercredi 01"]
[Site "Montreal CAN"]
[Date "2012.02.07"]
[Round "5"]
[White "Cardin, Guillaume"]
[Black "Ramaswamy, Kiran"]
[Result "1/2-1/2"]
[WhiteElo "1917"]
[BlackElo "1947"]
[PlyCount "59"]
[GameId "2160767909572846"]
[EventDate "2012.01.11"]
[EventType "swiss"]
[EventRounds "5"]
[EventCountry "CAN"]
[SourceTitle "EXT 2022"]
[Source "ChessBase"]
[SourceDate "2021.10.06"]
[SourceVersion "1"]
[SourceVersionDate "2021.10.06"]
[SourceQuality "1"]

1. e4 c5 2. Nc3 Nc6 3. f4 d6 4. Nf3 g6 5. Bb5 Bd7 6. O-O Bg7 7. d3 Nf6 8. Qe1 Nd4 9. Nxd4 cxd4 10. Bxd7+ Qxd7 11. Ne2 Qc6 12. e5 dxe5 13. fxe5 Ng4 14. Qg3 Nxe5 15. Nxd4 Qd5 16. c3 O-O 17. Bf4 Nxd3 18. Qxd3 e5 19. Qb5 Qxb5 20. Nxb5 exf4 21. Rxf4 Rfd8 22. Re1 Rd2 23. Re7 f5 24. Nc7 Rad8 25. Ne6 R8d7 26. Rxd7 Rxd7 27. Rb4 Bh6 28. Nd4 Be3+ 29. Kf1 Bxd4 30. cxd4 1/2-1/2

[Event "Montreal Mercredi 01"]
[Site "Montreal CAN"]
[Date "2012.02.07"]
[Round "5"]
[White "Cockburn, Denton"]
[Black "Chiku-Ratte, Olivier-Kenta"]
[Result "1-0"]
[WhiteElo "2256"]
[BlackElo "2145"]
[PlyCount "125"]
[GameId "2160767909572847"]
[EventDate "2012.01.11"]
[EventType "swiss"]
[EventRounds "5"]
[EventCountry "CAN"]
[SourceTitle "EXT 2022"]
[Source "ChessBase"]
[SourceDate "2021.10.06"]
[SourceVersion "1"]
[SourceVersionDate "2021.10.06"]
[SourceQuality "1"]

1. d4 Nf6 2. c4 c5 3. d5 e6 4. Nc3 exd5 5. cxd5 d6 6. e4 g6 7. Nf3 Bg7 8. Bb5+ Nfd7 9. Bf4 O-O 10. Bxd6 Re8 11. O-O Qb6 12. Bxb8 Rxb8 13. Qc2 a6 14. Be2 Qd6 15. a4 Ne5 16. Nd2 g5 17. a5 Bd7 18. Na4 Bxa4 19. Qxa4 Rec8 20. Rac1 Bf8 21. Rc3 Be7 22. Rg3 Kh8 23. Bg4 Rg8 24. Bf5 g4 25. Rc1 Bg5 26. Rc2 Bf4 27. Rgc3 Bxd2 28. Rxd2 Qh6 29. Rd1 Qf4 30. Rxc5 Nf3+ 31. Kf1 Qxh2 32. gxf3 gxf3 33. Qd4+ Rg7 34. Ke1 Qh6 35. Rdc1 Rbg8 36. Rc8 f6 37. Rxg8+ Rxg8 38. Rc8 Rxc8 39. Bxc8 Qc1+ 40. Qd1 Qxc8 41. Qxf3 Qc1+ 42. Ke2 Qxb2+ 43. Kf1 Qd4 44. Kg2 b5 45. axb6 Qxb6 46. e5 Kg7 47. Qg4+ Kh6 48. Qf4+ Kg7 49. e6 Qb7 50. Qd6 Qb1 51. Qe7+ Kg6 52. Qf7+ Kg5 53. Qg7+ Kh5 54. Qg3 Kh6 55. Qf4+ Kg7 56. d6 Qg6+ 57. Kh3 Qh5+ 58. Kg3 Qg6+ 59. Kh4 Kf8 60. e7+ Kf7 61. Qc4+ Kg7 62. d7 Qh6+ 63. Kg3 1-0

[Event "Montreal Mercredi 01"]
[Site "Montreal CAN"]
[Date "2012.02.08"]
[Round "5"]
[White "Baran, Marius"]
[Black "Rondon, Luciano"]
[Result "1/2-1/2"]
[WhiteElo "1718"]
[BlackElo "1848"]
[PlyCount "141"]
[GameId "2160767909572848"]
[EventDate "2012.01.11"]
[EventType "swiss"]
[EventRounds "5"]
[EventCountry "CAN"]
[SourceTitle "EXT 2022"]
[Source "ChessBase"]
[SourceDate "2021.10.06"]
[SourceVersion "1"]
[SourceVersionDate "2021.10.06"]
[SourceQuality "1"]

1. d4 d5 2. c4 e6 3. Nc3 Nf6 4. Bg5 Be7 5. e3 O-O 6. Nf3 b6 7. cxd5 exd5 8. Rc1 Be6 9. Bd3 c5 10. O-O Nbd7 11. Qc2 c4 12. Be2 a6 13. Rfd1 b5 14. Ne5 Rc8 15. Bf3 b4 16. Ne2 h6 17. Bxf6 Bxf6 18. Nf4 Qe7 19. Nxe6 fxe6 20. Ng6 Qd6 21. Nxf8 Rxf8 22. e4 Bg5 23. e5 Qe7 24. Ra1 Nb6 25. a3 b3 26. Qe2 Na4 27. Bg4 Qf7 28. f3 Re8 29. g3 h5 30. Bh3 c3 31. f4 cxb2 32. Rab1 Nc3 33. Qxa6 Bh6 34. Rxb2 Nxd1 35. Rxb3 Qg6 36. Qe2 Bxf4 37. Qxd1 Bg5 38. Rb6 Be3+ 39. Kh1 Qe4+ 40. Bg2 Qxd4 41. Qxd4 Bxd4 42. Rb3 Bxe5 43. a4 Rc8 44. Bh3 Kf7 45. a5 Bd4 46. a6 Rc1+ 47. Kg2 Rc2+ 48. Kh1 Ra2 49. Rb7+ Kf6 50. Bf1 e5 51. Bb5 Be3 52. Rc7 d4 53. a7 d3 54. Bxd3 Rxa7 55. Rc6+ Ke7 56. Bc4 Bd4 57. Re6+ Kd7 58. Rg6 e4 59. Kg2 Bf6 60. Kf2 Kd6 61. Ke3 Ke5 62. g4 Ra3+ 63. Ke2 hxg4 64. Rxg4 Kf5 65. Rg3 Rxg3 66. hxg3 Be5 67. Kf2 Bd4+ 68. Kg2 g5 69. Bb5 e3 70. Bd3+ Kg4 71. Be2+ 1/2-1/2